[Event "Baden-ch"]
[Site "Haslach im Kinzigtal"]
[Date "2010.06.01"]
[Round "2"]
[White "Kais, Edgar"]
[Black "Gross, Markus"]
[Result "1-0"]
[WhiteElo "2087"]
[BlackElo "2065"]
[PlyCount "119"]
[EventDate "2010.05.31"]
[EventType "swiss"]
[EventRounds "9"]
[EventCountry "GER"]
[SourceTitle "EXT 2011"]
[Source "ChessBase"]
[SourceDate "2010.11.26"]
[SourceVersion "1"]
[SourceVersionDate "2010.11.26"]
[SourceQuality "1"]

1. d4 d5 2. Nf3 Nf6 3. c4 c6 4. e3 Bg4 5. Qb3 Qb6 6. Ne5 Bf5 7. Nc3 e6 8. c5 Qc7 9. Be2 Nbd7 10. f4 Ne4 11. Nxd7 Qxd7 12. 0-0 Be7 13. a4 0-0 14. a5 Rab8 15. Ra4 h6 16. Nxe4 Bxe4 17. Bd2 Rfc8 18. Rb4 Qc7 19. f5 e5 20. Be1 Bf6 21. Bg3 Re8 22. Bh5 Qc8 23. dxe5 Bxe5 24. Rxe4 dxe4 25. Bxf7+ Kh8 26. Bxe8 Qxe8 27. Bxe5 Qxe5 28. Qc3 Qxc3 29. bxc3 Rd8 30. Rb1 Rd7 31. Rb4 Rd1+ 32. Kf2 Ra1 33. Rxb7 Rxa5 34. Kg3 Rxc5 35. Kf4 a5 36. Kxe4 Rxc3 37. Ra7 Rc2 38. g4 Rxh2 39. Rxa5 Rg2 40. Kf4 Rf2+ 41. Ke5 Re2 42. e4 Rg2 43. Kf4 Rc2 44. e5 Kg8 45. e6 Kf8 46. Ra8+ Ke7 47. Ra7+ Kf8 48. Ra8+ Ke7 49. Rg8 Rc4+ 50. Kf3 Rc3+ 51. Ke2 Kf6 52. Rf8+ Ke7 53. Rf7+ Ke8 54. Rxg7 Rc4 55. Ke3 Rc1 56. Ke4 Re1+ 57. Kd4 Re2 58. Rh7 Rg2 59. Ke5 Rxg4 60. Rh8+ 1-0

[Event "Verbandsliga Sued Baden 0910"]
[Site "Germany"]
[Date "2010.03.07"]
[Round "7.7"]
[White "Dettweiler, Christian"]
[Black "Kais, Edgar"]
[Result "1/2-1/2"]
[WhiteElo "2059"]
[BlackElo "2087"]
[PlyCount "41"]
[EventDate "2009.10.11"]
[EventType "team-tourn"]
[EventRounds "9"]
[EventCountry "GER"]
[SourceTitle "EXT 2011"]
[Source "ChessBase"]
[SourceDate "2010.11.26"]
[SourceVersion "1"]
[SourceVersionDate "2010.11.26"]
[SourceQuality "1"]
[WhiteTeam "Iffezheim"]
[BlackTeam "Oberwinden"]
[WhiteTeamCountry "GER"]
[BlackTeamCountry "GER"]

1. c4 f5 2. g3 Nf6 3. Bg2 g6 4. Nc3 Bg7 5. d3 0-0 6. e4 fxe4 7. dxe4 d6 8. Nge2 c5 9. 0-0 Nc6 10. Rb1 Kh8 11. f4 e5 12. fxe5 dxe5 13. Qxd8 Nxd8 14. Nd5 Ne6 15. Bd2 Bd7 16. Nec3 Rae8 17. h3 Nd4 18. Kh2 Nh5 19. Be3 Nf6 20. Nxf6 Bxf6 21. Nd5 1/2-1/2

[Event "Verbandsliga Sued Baden 0910"]
[Site "Germany"]
[Date "2010.01.31"]
[Round "6.5"]
[White "Kais, Edgar"]
[Black "Fiedler, Joerg"]
[Result "1-0"]
[WhiteElo "2087"]
[BlackElo "2116"]
[PlyCount "55"]
[EventDate "2009.10.11"]
[EventType "team-tourn"]
[EventRounds "9"]
[EventCountry "GER"]
[SourceTitle "EXT 2011"]
[Source "ChessBase"]
[SourceDate "2010.11.26"]
[SourceVersion "1"]
[SourceVersionDate "2010.11.26"]
[SourceQuality "1"]
[WhiteTeam "Oberwinden"]
[BlackTeam "Dreilaendereck"]
[WhiteTeamCountry "GER"]
[BlackTeamCountry "GER"]

1. d4 d5 2. Nf3 c6 3. c4 dxc4 4. e3 Be6 5. a4 Nd7 6. Na3 a6 7. Bxc4 Bxc4 8. Nxc4 b5 9. Nce5 Nxe5 10. Nxe5 Qd5 11. 0-0 f6 12. Nf3 e6 13. Re1 Bb4 14. e4 Qd7 15. Bd2 Bxd2 16. Qxd2 Ne7 17. Qb4 0-0 18. Qc5 Rfd8 19. Rec1 Rac8 20. h3 f5 21. exf5 exf5 22. axb5 cxb5 23. Qa3 Rxc1+ 24. Rxc1 Qd6 25. Qa2+ Nd5 26. Ne5 Qb6 27. Rc5 Qb7 28. Nc6 1-0

[Event "Verbandsliga Sued Baden 0910"]
[Site "Germany"]
[Date "2009.10.25"]
[Round "2.7"]
[White "Kais, Edgar"]
[Black "Hansen, Victor"]
[Result "1-0"]
[WhiteElo "2087"]
[BlackElo "2112"]
[PlyCount "208"]
[EventDate "2009.10.11"]
[EventType "team-tourn"]
[EventRounds "9"]
[EventCountry "GER"]
[SourceTitle "EXT 2011"]
[Source "ChessBase"]
[SourceDate "2010.11.26"]
[SourceVersion "1"]
[SourceVersionDate "2010.11.26"]
[SourceQuality "1"]
[WhiteTeam "Oberwinden"]
[BlackTeam "Dreisamtal"]
[WhiteTeamCountry "GER"]
[BlackTeamCountry "GER"]

1. d4 d5 2. c4 c6 3. cxd5 cxd5 4. Nc3 Nf6 5. Bf4 Nc6 6. e3 a6 7. Nf3 Bg4 8. Be2 e6 9. h3 Bh5 10. Ne5 Nxe5 11. Bxe5 Bxe2 12. Qxe2 Nd7 13. Bh2 Be7 14. 0-0 0-0 15. Rac1 Rc8 16. Rc2 Qa5 17. Rfc1 Rc6 18. e4 dxe4 19. Nxe4 Qxa2 20. Rxc6 bxc6 21. Bf4 Qd5 22. Ra1 a5 23. Nc3 Qxd4 24. Bc7 Nf6 25. Rxa5 Nd5 26. Be5 Qb4 27. Nxd5 cxd5 28. Bc3 Qb7 29. Qg4 e5 30. Bxe5 f6 31. Qe6+ Kh8 32. Bd4 Qc7 33. Rxd5 Ra8 34. g3 Bf8 35. Kh2 Rd8 36. Rxd8 Qxd8 37. Qc4 Qd6 38. Bc3 Qb6 39. Qf4 Bd6 40. Qf3 Kg8 41. Kg2 Kf8 42. Qe4 Bc5 43. Qxh7 Bxf2 44. Qh8+ Kf7 45. Qh5+ Kf8 46. Qe2 Bd4 47. Bxd4 Qxd4 48. Qc2 Kf7 49. b3 Kf8 50. Qc8+ Ke7 51. Qc7+ Kf8 52. Qc2 Ke7 53. h4 Kf8 54. Qc4 Qd2+ 55. Kf3 Qd1+ 56. Kg2 Qd2+ 57. Kh3 Qd7+ 58. g4 Qd1 59. h5 Qf3+ 60. Kh2 Qf2+ 61. Kh1 Qf3+ 62. Kg1 Qe3+ 63. Kf1 Qd2 64. b4 Qd1+ 65. Kf2 Qd2+ 66. Kf3 Qd1+ 67. Ke3 Qg1+ 68. Kd3 Qg3+ 69. Kc2 Qf2+ 70. Kb3 Qe3+ 71. Ka4 Qa7+ 72. Kb5 Qb7+ 73. Kc5 Qc7+ 74. Kd4 Qe5+ 75. Kd3 Qg3+ 76. Kc2 Qf2+ 77. Kb3 Qe3+ 78. Ka2 Qd2+ 79. Ka3 Qe3+ 80. Qb3 Qa7+ 81. Kb2 Qd4+ 82. Qc3 Qxg4 83. Qc5+ Ke8 84. b5 Qe2+ 85. Kc3 Qe1+ 86. Kb3 Qb1+ 87. Ka4 Qa2+ 88. Kb4 Qb2+ 89. Ka5 Kd8 90. Qf8+ Kc7 91. Qxg7+ Kb8 92. Qf8+ Kb7 93. Qe7+ Kb8 94. Qd6+ Kb7 95. Qc6+ Kb8 96. Qd6+ Kb7 97. Qd7+ Kb8 98. Qd5 Kc7 99. Qc6+ Kb8 100. b6 Qa3+ 101. Kb5 Qd3+ 102. Kc5 Qe3+ 103. Kd6 Qe5+ 104. Kd7 Qd4+ 1-0

[Event "Baden-ch op"]
[Site "Badenweiler"]
[Date "2009.06.06"]
[Round "7"]
[White "Kais, Edgar"]
[Black "Haag, Gregor"]
[Result "1-0"]
[WhiteElo "2086"]
[BlackElo "1943"]
[PlyCount "79"]
[EventDate "2009.06.01"]
[EventType "swiss"]
[EventRounds "9"]
[EventCountry "GER"]
[SourceTitle "EXT 2010"]
[Source "ChessBase"]
[SourceDate "2010.11.25"]
[SourceVersion "1"]
[SourceVersionDate "2010.11.25"]
[SourceQuality "1"]

1. e4 e5 2. Nf3 Nf6 3. Nxe5 d6 4. Nf3 Nxe4 5. c4 Be7 6. Nc3 Nxc3 7. bxc3 0-0 8. d4 Re8 9. Be2 b6 10. 0-0 Bb7 11. Bf4 Nd7 12. Re1 Bf6 13. Nd2 Nf8 14. Qc2 Ng6 15. Bg3 Qd7 16. h3 Qe7 17. Kf1 Qf8 18. Qa4 a6 19. Bf3 Bxf3 20. Nxf3 h6 21. Qc6 Rac8 22. Nd2 Re6 23. Ne4 Bh4 24. Qb7 Rce8 25. Nd2 Qe7 26. Nf3 Bxg3 27. fxg3 Re2 28. Qxa6 Qe3 29. Rxe2 Qxe2+ 30. Kg1 Qb2 31. Re1 Rxe1+ 32. Nxe1 Qc1 33. Kf2 Qd2+ 34. Kf1 Qxc3 35. Nf3 Nf8 36. Kg1 Qb4 37. Kh2 g6 38. a3 Qb3 39. d5 Kg7 40. Nd4 1-0

[Event "Baden-ch op"]
[Site "Badenweiler"]
[Date "2009.06.04"]
[Round "4"]
[White "Muheim, Sebastien"]
[Black "Kais, Edgar"]
[Result "1-0"]
[WhiteElo "2031"]
[BlackElo "2086"]
[PlyCount "55"]
[EventDate "2009.06.01"]
[EventType "swiss"]
[EventRounds "9"]
[EventCountry "GER"]
[SourceTitle "EXT 2010"]
[Source "ChessBase"]
[SourceDate "2010.11.25"]
[SourceVersion "1"]
[SourceVersionDate "2010.11.25"]
[SourceQuality "1"]

1. d4 Nf6 2. c4 e6 3. Nc3 Bb4 4. a3 Bxc3+ 5. bxc3 0-0 6. f3 c5 7. e4 b6 8. Bd3 Ne8 9. Be3 Qc7 10. Ne2 Ba6 11. 0-0 d6 12. f4 cxd4 13. cxd4 Bxc4 14. Rc1 b5 15. f5 exf5 16. Rxf5 Qe7 17. Ng3 g6 18. Bxc4 bxc4 19. Qg4 Ng7 20. Rcf1 Kh8 21. Bg5 Qd7 22. Bf6 Rg8 23. Qh4 gxf5 24. Rxf5 Qa4 25. Bxg7+ Rxg7 26. Qd8+ Rg8 27. Qf6+ Rg7 28. Rg5 1-0